000 00694nam a2200253Ia 4500
003 OSt
005 20220912151226.0
006 a|||||r|||| 00| 0
007 ta
008 220909b |||||||| |||| 00| 0 eng d
024 _a26009
037 _cTextual
040 _aCSL
_beng
_cCSL
041 _aeng
082 _aB288, J81;M5 J81;L5;12
100 _aGass Saul I
245 0 _aLinear programming:methods and applications
250 _aEd 4
260 _aNew York
_b Mc Graw-Hill
_c1985
300 _avii, 532p.
_ccm.
650 _alinear programming
942 _hB288, J81;M5 J81;L5;12
_cTEXL
_2CC
999 _c63952
_d63952